|
|
|
|
| LEADER |
00000nam0a2200000 4500 |
| 001 |
316056 |
| 005 |
20231102002834.0 |
| 020 |
|
|
|a RU
|b 84-35444
|
| 035 |
|
|
|a (RuTPU)RU\TPU\book\341493
|
| 090 |
|
|
|a 316056
|
| 100 |
|
|
|a 20160314g1982 km y0rusy5003 ca
|
| 101 |
0 |
|
|a rus
|
| 102 |
|
|
|a RU
|
| 105 |
|
|
|a a z 001zy
|
| 200 |
1 |
|
|a Управляемые системы массового обслуживания
|e сборник статей
|h Вып. 1
|f под ред. А. Ф. Терпугова
|
| 210 |
|
|
|a Томск
|c Изд-во ТГУ
|d 1982
|
| 215 |
|
|
|a 194 с.
|c ил.
|
| 320 |
|
|
|9 572
|a Библиогр. в конце ст.
|
| 606 |
1 |
|
|a Массового обслуживания теория
|2 stltpush
|3 (RuTPU)RU\TPU\subj\41145
|9 60962
|
| 610 |
1 |
|
|a управляемые системы
|
| 610 |
1 |
|
|a гистерезисное управление
|
| 610 |
1 |
|
|a адаптивные модели
|
| 610 |
1 |
|
|a заявки
|
| 610 |
1 |
|
|a распределение
|
| 610 |
1 |
|
|a оптимизация
|
| 610 |
1 |
|
|a имитационные модели
|
| 610 |
1 |
|
|a потери
|
| 610 |
1 |
|
|a диспетчеризация
|
| 610 |
1 |
|
|a оптимальное управление
|
| 675 |
|
|
|a 519.872
|z rus
|v 3
|
| 702 |
|
1 |
|a Терпугов
|b А. Ф.
|4 340
|
| 801 |
|
0 |
|a RU
|b RuMRKP
|c 19950704
|g psbo
|
| 801 |
|
1 |
|a RU
|b 63413507
|c 20160314
|
| 801 |
|
2 |
|a RU
|b 63413507
|c 20200610
|g RCR
|
| 942 |
|
|
|c BK
|